A stroll through the seasons / (Record no. 49385)
| 000 -LEADER | |
|---|---|
| fixed length control field | 00324nam a2200121 4500 |
| 020 ## - INTERNATIONAL STANDARD BOOK NUMBER | |
| International Standard Book Number | 9780750299602 |
| 100 ## - MAIN ENTRY--PERSONAL NAME | |
| Personal name | Barnham, Kay |
| 9 (RLIN) | 78907 |
| 245 ## - TITLE STATEMENT | |
| Title | A stroll through the seasons / |
| Statement of responsibility, etc | Kay Barnham & Maddie Frost |
| 260 ## - PUBLICATION, DISTRIBUTION, ETC. (IMPRINT) | |
| Place of publication, distribution, etc | UK |
| Name of publisher, distributor, etc | Wayland |
| Date of publication, distribution, etc | 2019 |
| 300 ## - PHYSICAL DESCRIPTION | |
| Extent | unpaged. |
| Other physical details | col. ill. |
| Dimensions | 25 cm. |
| 650 ## - SUBJECT ADDED ENTRY--TOPICAL TERM | |
| Topical term or geographic name as entry element | Seasons |
| 942 ## - ADDED ENTRY ELEMENTS (KOHA) | |
| Source of classification or shelving scheme | |
| Koha item type | Book |
| Withdrawn status | Lost status | Source of classification or shelving scheme | Damaged status | Not for loan | Collection code | Home library | Current library | Shelving location | Date acquired | Total Checkouts | Full call number | Barcode | Checked out | Date last seen | Date checked out | Price effective from | Koha item type |
|---|---|---|---|---|---|---|---|---|---|---|---|---|---|---|---|---|---|
| Non-Fiction | Asian Hope Early Years Library | Asian Hope Early Years Library | Easy Reading | 08/21/2025 | 4 | 508.2 BAR | 208953 | 04/22/2026 | 04/22/2026 | 04/22/2026 | 08/21/2025 | Book |